<?xml version="1.0" encoding="UTF-8"?>
<record
    xmlns:xsi="http://www.w3.org/2001/XMLSchema-instance"
    xsi:schemaLocation="http://www.loc.gov/MARC21/slim http://www.loc.gov/standards/marcxml/schema/MARC21slim.xsd"
    xmlns="http://www.loc.gov/MARC21/slim">

  <leader>00743nam a22001937a 4500</leader>
  <datafield tag="999" ind1=" " ind2=" ">
    <subfield code="c">4249</subfield>
    <subfield code="d">4249</subfield>
  </datafield>
  <controlfield tag="001">5941</controlfield>
  <controlfield tag="003">BD-DhUAP</controlfield>
  <controlfield tag="005">20201104145521.0</controlfield>
  <controlfield tag="008">201104r20012003bg  |||| |||| 000 0 ben d</controlfield>
  <datafield tag="040" ind1=" " ind2=" ">
    <subfield code="a">BD-DhUAP</subfield>
    <subfield code="b">Ben</subfield>
    <subfield code="c">BD-DhUAP</subfield>
    <subfield code="d">BD-DhUAP</subfield>
  </datafield>
  <datafield tag="082" ind1=" " ind2=" ">
    <subfield code="2">23</subfield>
    <subfield code="a">515.33 ABU</subfield>
  </datafield>
  <datafield tag="100" ind1=" " ind2=" ">
    <subfield code="a">&#x986;&#x9AC;&#x9C1; &#x987;&#x989;&#x9B8;&#x9C1;&#x9AB;, &#x9AE;&#x9CB;.&#x964;</subfield>
  </datafield>
  <datafield tag="245" ind1=" " ind2=" ">
    <subfield code="a">&#x9A1;&#x9BF;&#x9AB;&#x9BE;&#x9B0;&#x9C7;&#x9A8;&#x9B8;&#x9BF;&#x9AF;&#x9BC;&#x9BE;&#x9B2; &#x995;&#x9CD;&#x9AF;&#x9BE;&#x9B2;&#x995;&#x9C1;&#x9B2;&#x9BE;&#x9B8; /</subfield>
    <subfield code="c">&#x9AE;&#x9CB;. &#x986;&#x9AC;&#x9C1; &#x987;&#x989;&#x9B8;&#x9C1;&#x9AB;&#x964;</subfield>
  </datafield>
  <datafield tag="250" ind1=" " ind2=" ">
    <subfield code="a">&#x9E9;&#x9AF;&#x9BC; &#x9B8;&#x982;.&#x964;</subfield>
  </datafield>
  <datafield tag="260" ind1=" " ind2=" ">
    <subfield code="a">&#x9A2;&#x9BE;&#x995;&#x9BE; : </subfield>
    <subfield code="b">&#x9AE;&#x9BE;&#x9AE;&#x9C1;&#x9A8; &#x9AC;&#x9CD;&#x9B0;&#x9BE;&#x9A6;&#x9BE;&#x9B0;&#x9CD;&#x9B8;,</subfield>
    <subfield code="c">&#x9E8;&#x9E6;&#x9E6;&#x9E7; [&#x9AE;&#x9C1;&#x9A6;&#x9CD;&#x9B0;&#x9A3; &#x9E8;&#x9E6;&#x9E6;&#x9E9;]&#x964;</subfield>
  </datafield>
  <datafield tag="300" ind1=" " ind2=" ">
    <subfield code="a">[&#x9EC;], &#x9EE;&#x9EB;&#x9E9; &#x9AA;&#x9C3;&#x9B7;&#x9CD;&#x9A0;&#x9BE; ;</subfield>
    <subfield code="c">&#x9E8;&#x9E8; &#x9B8;&#x9C7;&#x9AE;&#x9BF;.&#x964;</subfield>
  </datafield>
  <datafield tag="650" ind1=" " ind2=" ">
    <subfield code="a">Differential Calculus.</subfield>
  </datafield>
  <datafield tag="942" ind1=" " ind2=" ">
    <subfield code="2">ddc</subfield>
    <subfield code="c">BK</subfield>
  </datafield>
  <datafield tag="952" ind1=" " ind2=" ">
    <subfield code="0">0</subfield>
    <subfield code="1">0</subfield>
    <subfield code="2">ddc</subfield>
    <subfield code="4">0</subfield>
    <subfield code="7">0</subfield>
    <subfield code="a">UAPCL</subfield>
    <subfield code="b">UAPCL</subfield>
    <subfield code="c">General Stacks</subfield>
    <subfield code="d">2020-11-04</subfield>
    <subfield code="l">5</subfield>
    <subfield code="m">1</subfield>
    <subfield code="o">515.33 ABU</subfield>
    <subfield code="p">3010005941</subfield>
    <subfield code="r">2025-03-15</subfield>
    <subfield code="s">2025-02-23</subfield>
    <subfield code="t">1</subfield>
    <subfield code="w">2020-11-04</subfield>
    <subfield code="y">BK</subfield>
  </datafield>
  <datafield tag="952" ind1=" " ind2=" ">
    <subfield code="0">0</subfield>
    <subfield code="1">0</subfield>
    <subfield code="2">ddc</subfield>
    <subfield code="4">0</subfield>
    <subfield code="7">0</subfield>
    <subfield code="a">UAPCL</subfield>
    <subfield code="b">UAPCL</subfield>
    <subfield code="c">General Stacks</subfield>
    <subfield code="d">2020-11-04</subfield>
    <subfield code="l">3</subfield>
    <subfield code="o">515.33 ABU</subfield>
    <subfield code="p">3010005946</subfield>
    <subfield code="r">2025-02-20</subfield>
    <subfield code="s">2025-02-09</subfield>
    <subfield code="t">2</subfield>
    <subfield code="w">2020-11-04</subfield>
    <subfield code="y">BK</subfield>
  </datafield>
  <datafield tag="952" ind1=" " ind2=" ">
    <subfield code="0">0</subfield>
    <subfield code="1">0</subfield>
    <subfield code="2">ddc</subfield>
    <subfield code="4">0</subfield>
    <subfield code="7">0</subfield>
    <subfield code="a">UAPCL</subfield>
    <subfield code="b">UAPCL</subfield>
    <subfield code="c">General Stacks</subfield>
    <subfield code="d">2020-11-04</subfield>
    <subfield code="l">3</subfield>
    <subfield code="m">2</subfield>
    <subfield code="o">515.33 ABU</subfield>
    <subfield code="p">3010004130</subfield>
    <subfield code="r">2025-03-05</subfield>
    <subfield code="s">2025-02-20</subfield>
    <subfield code="t">3</subfield>
    <subfield code="w">2020-11-04</subfield>
    <subfield code="y">BK</subfield>
  </datafield>
  <datafield tag="952" ind1=" " ind2=" ">
    <subfield code="0">0</subfield>
    <subfield code="1">0</subfield>
    <subfield code="2">ddc</subfield>
    <subfield code="4">0</subfield>
    <subfield code="7">0</subfield>
    <subfield code="a">UAPCL</subfield>
    <subfield code="b">UAPCL</subfield>
    <subfield code="c">General Stacks</subfield>
    <subfield code="d">2020-11-04</subfield>
    <subfield code="l">6</subfield>
    <subfield code="o">515.33 ABU</subfield>
    <subfield code="p">3010005943</subfield>
    <subfield code="r">2025-03-20</subfield>
    <subfield code="s">2025-03-16</subfield>
    <subfield code="t">4</subfield>
    <subfield code="w">2020-11-04</subfield>
    <subfield code="y">BK</subfield>
  </datafield>
  <datafield tag="952" ind1=" " ind2=" ">
    <subfield code="0">0</subfield>
    <subfield code="1">0</subfield>
    <subfield code="2">ddc</subfield>
    <subfield code="4">0</subfield>
    <subfield code="7">0</subfield>
    <subfield code="a">UAPCL</subfield>
    <subfield code="b">UAPCL</subfield>
    <subfield code="c">General Stacks</subfield>
    <subfield code="d">2020-11-04</subfield>
    <subfield code="l">5</subfield>
    <subfield code="o">515.33 ABU</subfield>
    <subfield code="p">3010005950</subfield>
    <subfield code="r">2025-08-03</subfield>
    <subfield code="s">2025-07-23</subfield>
    <subfield code="t">5</subfield>
    <subfield code="w">2020-11-04</subfield>
    <subfield code="y">BK</subfield>
  </datafield>
  <datafield tag="952" ind1=" " ind2=" ">
    <subfield code="0">0</subfield>
    <subfield code="1">0</subfield>
    <subfield code="2">ddc</subfield>
    <subfield code="4">0</subfield>
    <subfield code="7">0</subfield>
    <subfield code="a">UAPCL</subfield>
    <subfield code="b">UAPCL</subfield>
    <subfield code="c">General Stacks</subfield>
    <subfield code="d">2020-11-04</subfield>
    <subfield code="l">1</subfield>
    <subfield code="o">515.33 ABU</subfield>
    <subfield code="p">3010004132</subfield>
    <subfield code="r">2025-08-07</subfield>
    <subfield code="s">2025-07-24</subfield>
    <subfield code="t">6</subfield>
    <subfield code="w">2020-11-04</subfield>
    <subfield code="y">BK</subfield>
  </datafield>
  <datafield tag="952" ind1=" " ind2=" ">
    <subfield code="0">0</subfield>
    <subfield code="1">0</subfield>
    <subfield code="2">ddc</subfield>
    <subfield code="4">0</subfield>
    <subfield code="7">0</subfield>
    <subfield code="a">UAPCL</subfield>
    <subfield code="b">UAPCL</subfield>
    <subfield code="c">General Stacks</subfield>
    <subfield code="d">2020-11-04</subfield>
    <subfield code="l">4</subfield>
    <subfield code="m">2</subfield>
    <subfield code="o">515.33 ABU</subfield>
    <subfield code="p">3010005945</subfield>
    <subfield code="r">2025-08-07</subfield>
    <subfield code="s">2025-07-24</subfield>
    <subfield code="t">7</subfield>
    <subfield code="w">2020-11-04</subfield>
    <subfield code="y">BK</subfield>
  </datafield>
  <datafield tag="952" ind1=" " ind2=" ">
    <subfield code="0">0</subfield>
    <subfield code="1">0</subfield>
    <subfield code="2">ddc</subfield>
    <subfield code="4">0</subfield>
    <subfield code="7">0</subfield>
    <subfield code="a">UAPCL</subfield>
    <subfield code="b">UAPCL</subfield>
    <subfield code="c">General Stacks</subfield>
    <subfield code="d">2020-11-04</subfield>
    <subfield code="l">4</subfield>
    <subfield code="m">1</subfield>
    <subfield code="o">515.33 ABU</subfield>
    <subfield code="p">3010005942</subfield>
    <subfield code="r">2025-09-15</subfield>
    <subfield code="s">2025-09-02</subfield>
    <subfield code="t">8</subfield>
    <subfield code="w">2020-11-04</subfield>
    <subfield code="y">BK</subfield>
  </datafield>
  <datafield tag="952" ind1=" " ind2=" ">
    <subfield code="0">0</subfield>
    <subfield code="1">0</subfield>
    <subfield code="2">ddc</subfield>
    <subfield code="4">0</subfield>
    <subfield code="7">0</subfield>
    <subfield code="a">UAPCL</subfield>
    <subfield code="b">UAPCL</subfield>
    <subfield code="c">General Stacks</subfield>
    <subfield code="d">2020-11-04</subfield>
    <subfield code="l">7</subfield>
    <subfield code="m">2</subfield>
    <subfield code="o">515.33 ABU</subfield>
    <subfield code="p">3010005948</subfield>
    <subfield code="r">2025-09-28</subfield>
    <subfield code="s">2025-09-10</subfield>
    <subfield code="t">9</subfield>
    <subfield code="w">2020-11-04</subfield>
    <subfield code="y">BK</subfield>
  </datafield>
  <datafield tag="952" ind1=" " ind2=" ">
    <subfield code="0">0</subfield>
    <subfield code="1">0</subfield>
    <subfield code="2">ddc</subfield>
    <subfield code="4">0</subfield>
    <subfield code="7">0</subfield>
    <subfield code="a">UAPCL</subfield>
    <subfield code="b">UAPCL</subfield>
    <subfield code="c">General Stacks</subfield>
    <subfield code="d">2020-11-04</subfield>
    <subfield code="l">2</subfield>
    <subfield code="m">1</subfield>
    <subfield code="o">515.33 ABU</subfield>
    <subfield code="p">3010005949</subfield>
    <subfield code="r">2025-08-17</subfield>
    <subfield code="s">2025-07-31</subfield>
    <subfield code="t">10</subfield>
    <subfield code="w">2020-11-04</subfield>
    <subfield code="y">BK</subfield>
  </datafield>
  <datafield tag="952" ind1=" " ind2=" ">
    <subfield code="0">0</subfield>
    <subfield code="1">0</subfield>
    <subfield code="2">ddc</subfield>
    <subfield code="4">0</subfield>
    <subfield code="7">0</subfield>
    <subfield code="a">UAPCL</subfield>
    <subfield code="b">UAPCL</subfield>
    <subfield code="c">General Stacks</subfield>
    <subfield code="d">2020-11-04</subfield>
    <subfield code="l">4</subfield>
    <subfield code="o">515.33 ABU</subfield>
    <subfield code="p">3010005947</subfield>
    <subfield code="r">2025-03-04</subfield>
    <subfield code="s">2025-02-16</subfield>
    <subfield code="t">11</subfield>
    <subfield code="w">2020-11-04</subfield>
    <subfield code="y">BK</subfield>
  </datafield>
  <datafield tag="952" ind1=" " ind2=" ">
    <subfield code="0">0</subfield>
    <subfield code="1">0</subfield>
    <subfield code="2">ddc</subfield>
    <subfield code="4">0</subfield>
    <subfield code="7">0</subfield>
    <subfield code="a">UAPCL</subfield>
    <subfield code="b">UAPCL</subfield>
    <subfield code="c">General Stacks</subfield>
    <subfield code="d">2020-11-04</subfield>
    <subfield code="l">1</subfield>
    <subfield code="o">515.33 ABU</subfield>
    <subfield code="p">3010004131</subfield>
    <subfield code="r">2024-09-22</subfield>
    <subfield code="s">2024-09-12</subfield>
    <subfield code="t">12</subfield>
    <subfield code="w">2020-11-04</subfield>
    <subfield code="y">BK</subfield>
  </datafield>
  <datafield tag="952" ind1=" " ind2=" ">
    <subfield code="0">0</subfield>
    <subfield code="1">0</subfield>
    <subfield code="2">ddc</subfield>
    <subfield code="4">0</subfield>
    <subfield code="7">0</subfield>
    <subfield code="a">UAPCL</subfield>
    <subfield code="b">UAPCL</subfield>
    <subfield code="c">General Stacks</subfield>
    <subfield code="d">2020-12-28</subfield>
    <subfield code="l">3</subfield>
    <subfield code="o">515.33 ABU</subfield>
    <subfield code="p">3010004133</subfield>
    <subfield code="r">2025-08-06</subfield>
    <subfield code="s">2025-07-24</subfield>
    <subfield code="t">13</subfield>
    <subfield code="w">2020-12-28</subfield>
    <subfield code="y">BK</subfield>
  </datafield>
</record>
